Top 30 : Kesha - Statistiques

Statistiques générales
  • Ce quiz a été pris 14 fois
  • Le résultat moyen est 10 sur 30
Statistiques - réponses
Top Titres Featuring % Correct
1 Timber Pitbull
83%
2 TiK ToK
75%
10 Blow
58%
13 Cannibal
58%
3 Die Young
58%
5 Praying
58%
12 Take It Off
58%
15 Blah Blah Blah 3OH!3
50%
18 C'Mon
50%
8 We R Who We R
50%
9 Your Love Is My Drug
50%
11 Backstabber
42%
20 Crazy Kids
42%
4 Right Round Flo Rida
42%
14 Woman The Dap-Kings Horns
33%
6 Good Old Days Macklemore
25%
17 JOYRIDE.
25%
21 Grow A Pear
17%
28 Hymn
17%
16 My First Kiss 3OH!3
17%
27 Rainbow
17%
29 True Colors Zedd
17%
25 Body Talks The Struts
8%
7 Fancy Like Walker Hayes
8%
24 Holiday Road
8%
23 Learn To Let Go
8%
22 Raising Hell Big Freedia
8%
26 Stronger Sam Feldt
8%
19 This Is Me
8%
30 This Is Me (The Reimagined Remix) Keala Settle, Missy Elliott
8%
Aucun quiz correspondant
Distribution des résultats
% des personnes avec chaque résultat
Percentile par nombre de réponses
Votre historique - résultats
Vous n’avez pas pris ce quiz